000
00345pam a2200157a 44500
008
230515b1967 xxu||||| |||| 00| 0 eng d
020
_a
NULL
041
_a
ENGLISH
082
_a
N.D.
100
_a
Radar D. John
245
_a
Engineering Electronics
250
_a
0
260
_a
NULL
_b
Mcgraw Hill
_c
1967
300
_a
690
650
_a
NULL
999
_c
570755
_d
570755